• 首页
  • 本馆介绍
  • 公告通知
  • 最新文献
  • 馆藏检索
  • 电子资源
  • 读者导购
  • 参考咨询
  • 我的图书馆
  • 登录
  • 详细信息显示
  • 放入我的书架
  • 预约/预借图书
  • 作者相关作品
  • 分类相关作品
  • 丛书相关作品
  • 出版社相关作品

书目信息

  • 表格格式
  • 工作单格式
  • 卡片格式
题名:
锻工
    
 
作者: ;上海市第一机电工业局工会 编
分册:  
出版信息: 北京   机械工业出版社  1973
页数: 337页
开本: 20cm
丛书名:
单 册:
中图分类: TG31
科图分类:
主题词: 锻造--工艺学--技术教育--教材
电子资源:
ISBN:
000 00731nam0 2200241 45
001 0185007644
005 20060405142959.15
010    @dCNY0.70
091    @a15033.4188
100    @a19900918d1973 em y0chiy0121 ea
101 0  @achi
102    @aCN@b110000
105    @ay z 000yy
200 10 @a锻工@Aduan gong@f上海市第一机电工业局工会编@Fshang hai shi di yi ji dian gong ye ju gong hui bian
210    @a北京@c机械工业出版社@d1973
215    @a337页@d20cm
300    @a工人技术教育读本
606    @a锻造@x工艺学@x技术教育@x教材
690    @aTG31@v3
711  0 @a上海市第一机电工业局工会@Ashang hai shi di yi ji dian gong ye ju gong hui@4编
801  2 @aCN@bNLC@c20060405
801  0 @aCN@bTSSF
905    @a10447@dTG31@e3
    
    锻工/上海市第一机电工业局工会编.-北京:机械工业出版社,1973
    337页;20cm
    工人技术教育读本
    
    ISBN :CNY0.70
    
●
相关链接 在E读中查询图书 在五车中查询图书 在当当中查询图书 在豆瓣中查询图书


正题名:锻工     索取号:TG31/3         预约/预借

序号 登录号 条形码 馆藏地/架位号 状态 备注
1 0016932   202229873   密集书库/ [索取号:TG31/3] 在馆    
2 0016933   202229837   密集书库/ [索取号:TG31/3] 在馆    
唐山师范学院图书馆 欢迎您!
大连网信软件有限公司© 版权所有